| 000 | 00455nam a2200157Ia 4500 | ||
|---|---|---|---|
| 008 | 180921t2015 xxu||||| |||| 00| 0 sin d | ||
| 041 | _asin | ||
| 080 |
_a030.8 _bTRA |
||
| 245 | _aත්රෛභාෂික ශබ්දමාලාව | ||
| 246 | _aTraibashika Shabdamalawa | ||
| 260 |
_bEducational Publications Department _aBaththaramulla _c2015 |
||
| 300 | _b417p, 21cm | ||
| 942 | _cBK | ||
| 999 |
_c5741 _d5741 |
||
| 003 | LK-CoDNM | ||
| 040 |
_aLK-CoDNM _dLK-CoDNM _eLK-CoDNM |
||